Resolutivity of ideal boundary for nonlinear Dirichlet problems /

Đã lưu trong:
书目详细资料
主要作者: Maeda, Fumi-Yuki.
其他作者: Ono, Takayori.
格式: Bài viết
语言:English
主题:
标签: 添加标签
没有标签, 成为第一个标记此记录!
Thư viện lưu trữ: Thư viện Trường Đại học Đà Lạt
LEADER 00846nam a2200277 4500
001 DLU090078899
005 ##20090608
040 # # |a DLU  |b eng 
041 # # |a eng 
044 # # |a JP 
100 # # |a Maeda, Fumi-Yuki.  
245 # # |a Resolutivity of ideal boundary for nonlinear Dirichlet problems /  |c Fumi-Yuki Maeda, Takayori Ono. 
653 # # |a Ideal boundary 
653 # # |a Nonlinear Dirichlet problem 
653 # # |a Resolutivity  
700 # # |a Ono, Takayori.  
773 # # |t Journal of the Mathematical Society of Japan  |g Vol. 52, no. 3 (July 2000), p. 561-581 
920 # # |a Phòng Tạp chí -- Trung tâm Thông tin - Thư viện Trường Đại học Đà Lạt 
994 # # |a DLU 
900 # # |a True 
911 # # |a Trương Bảo Trâm Anh 
925 # # |a G 
926 # # |a A 
927 # # |a BB 
980 # # |a Thư viện Trường Đại học Đà Lạt